000 01040nam a2200241Ia 4500
999 _c52158
_d52158
001 19165
003 GE_BSU
005 20220920145203.0
008 181216s2008||||ge |||||||||||||| ||rus||
040 _cGE_BSU
041 _arus
080 _a81 К-21
100 _aКаранадзе, И.
_910465
245 _aЛингвосемиотика телетекста: დისერტაცია /
_cИ. Каранадзе; Научн. руков. Д. З. Гоциридзе; Батумский гос. ун-т им. Шота Руставели.
264 _aБатуми :
_bБатумский гос. ун-т им. Ш. Руставели,
_c2008.
300 _a126 стр.
_b30 см.
653 _aЛингвосемиотика телетекста
653 _aЯзыкознание
653 _aდისერტაცია
653 _aენათმეცნიერება
700 _aГоциридзе, Д. З.
_eსამეცნიერო ხელმძღვანელი
_910425
942 _cBK
_2udc